<?xml version="1.0" encoding="UTF-8"?>
<record
    xmlns:xsi="http://www.w3.org/2001/XMLSchema-instance"
    xsi:schemaLocation="http://www.loc.gov/MARC21/slim http://www.loc.gov/standards/marcxml/schema/MARC21slim.xsd"
    xmlns="http://www.loc.gov/MARC21/slim">

  <leader>00715nam a22001697a 4500</leader>
  <controlfield tag="008">110725s1977    ua|||||r|||| 00| 0 ara d</controlfield>
  <datafield tag="020" ind1=" " ind2=" ">
    <subfield code="a">9777055153</subfield>
  </datafield>
  <datafield tag="082" ind1=" " ind2=" ">
    <subfield code="2">22</subfield>
    <subfield code="a">327.95</subfield>
    <subfield code="b"> &#x631; &#x636; &#x627;</subfield>
  </datafield>
  <datafield tag="100" ind1=" " ind2=" ">
    <subfield code="9">26411</subfield>
    <subfield code="a">&#x631;&#x636;&#x627; &#x60C; &#x645;&#x645;&#x62F;&#x648;&#x62D;</subfield>
  </datafield>
  <datafield tag="245" ind1=" " ind2=" ">
    <subfield code="a">&#x627;&#x644;&#x62E;&#x644;&#x627;&#x641; &#x627;&#x644;&#x635;&#x64A;&#x646;&#x64A;-&#x627;&#x644;&#x633;&#x648;&#x641;&#x64A;&#x62A;&#x64A; :</subfield>
    <subfield code="b">&#x648; &#x642;&#x636;&#x627;&#x64A;&#x627; &#x622;&#x633;&#x64A;&#x627; &#x627;&#x644;&#x633;&#x627;&#x62E;&#x646;&#x629; /</subfield>
    <subfield code="c">&#x645;&#x645;&#x62F;&#x648;&#x62D; &#x631;&#x636;&#x627;</subfield>
  </datafield>
  <datafield tag="260" ind1=" " ind2=" ">
    <subfield code="a">&#x627;&#x644;&#x642;&#x627;&#x647;&#x631;&#x629; :</subfield>
    <subfield code="b">&#x645;&#x624;&#x633;&#x633;&#x629; &#x62F;&#x627;&#x631; &#x627;&#x644;&#x62A;&#x639;&#x627;&#x648;&#x646;&#x60C; 1977</subfield>
    <subfield code="c">1977</subfield>
  </datafield>
  <datafield tag="300" ind1=" " ind2=" ">
    <subfield code="a">416 &#x635; &#x61B;</subfield>
    <subfield code="c">22 &#x633;&#x645;</subfield>
  </datafield>
  <datafield tag="651" ind1=" " ind2=" ">
    <subfield code="9">26414</subfield>
    <subfield code="a">&#x622;&#x633;&#x64A;&#x627;</subfield>
    <subfield code="x">&#x627;&#x644;&#x639;&#x644;&#x627;&#x642;&#x627;&#x62A; &#x627;&#x644;&#x62E;&#x627;&#x631;&#x62C;&#x64A;&#x629;</subfield>
  </datafield>
  <datafield tag="653" ind1=" " ind2=" ">
    <subfield code="b">Pol</subfield>
  </datafield>
  <datafield tag="942" ind1=" " ind2=" ">
    <subfield code="2">ddc</subfield>
    <subfield code="c">BB</subfield>
  </datafield>
  <datafield tag="999" ind1=" " ind2=" ">
    <subfield code="c">15732</subfield>
    <subfield code="d">15732</subfield>
  </datafield>
  <datafield tag="952" ind1=" " ind2=" ">
    <subfield code="0">0</subfield>
    <subfield code="1">0</subfield>
    <subfield code="2">ddc</subfield>
    <subfield code="4">0</subfield>
    <subfield code="7">0</subfield>
    <subfield code="8">Alef-Baa</subfield>
    <subfield code="a">MAIN</subfield>
    <subfield code="b">MAIN</subfield>
    <subfield code="c">1ST</subfield>
    <subfield code="d">2011-07-25</subfield>
    <subfield code="e">purchase</subfield>
    <subfield code="o">327.95  &#x631; &#x636; &#x627;</subfield>
    <subfield code="p">000024454</subfield>
    <subfield code="r">2025-07-15 00:00:00</subfield>
    <subfield code="y">BB</subfield>
  </datafield>
</record>
